Score 0/10 Timer 05:00
1 Play Today
Question Answer % Correct
Where does The Captain invite Lily to move with him?Rome
69.4%
Who becomes Marvin's nanny?Mickey
66.8%
Barney tells Ted that he is going to propose to whom?Patrice
56.6%
Who was the stranger that Robin let hold a crying Marvin while she was watching him? Mike Tyson
49.6%
What constantly referenced character makes an appearance for the first time?The Mother
49.2%
What did Lily steal from The Captain's apartment?An expensive ashtray
45.4%
Lily and Marshall revoke what rule that they implemented with their friends after Marvin is born?The Eight or Higher rule
39.7%
Which 'Karate Kid' makes an appearance as the clown at the end of the episode?Billy Zabka
37.5%
Robin Sparkles' grunge alter-ego is called?Robin Daggers
35.1%
What is the name of Ted's basketball team, made up of fellow architects?The T-Squares
22.7%
Remove Ads.
Support Sporcle.
Get the best of Sporcle when you Go Orange. This ad-free experience offers more features, more stats, and more fun while also helping to support Sporcle. Thank you for becoming a member.

You're not logged in!

Compare scores with friends on all Sporcle quizzes.
OR
Log In

Show Comments

Extras

Top Quizzes Today


Score Distribution

Your Account Isn't Verified!

In order to create a playlist on Sporcle, you need to verify the email address you used during registration. Go to your Sporcle Settings to finish the process.

Report this User

Report this user for behavior that violates our Community Guidelines.

Details: